1295 1409 1957 1972 1533 1055 1687 1067 1966 1547 1650 1436 1840 1415 1950 1069 1456 1052 1916 1929 1553 1217 1599 1204 1211 1257 1882 1157 1716 1584 1397 1910 1132 1265 1987 1496 1177 1779 1999 1340 1733 1070 1291 1335 1799 1672 1572 1048 1544 1752 1507 1070 1961 1461 1832 1168 1399 1179 1465 1696 1433 1459 1950 1709 1821 1024 1708 1013 1945 1626 1276 1341 1032 1364 1033 1761 1429 1471 1727 1873 1641 1876 1994 1016 1363 1714 1437 1314 1574 1966 1739 1073 1947 1547 1725 1222 1317 1713 1988 BCNSPRNW ULIB Ver.6.0+V

เปลี่ยนเป็นภาษาไทย

Change to English
 แสดงรายละเอียดบรรณานุกรม
  กลับหน้าหลัก

Brief Record : Get Marc (ISO 2709) : E-mail record : QR code < ปิดหน้าต่าง
LEADER : 00000nam 2200000uu 4500
001    13399113406
003     ULIB
008    110627s2551||||th 000 0 tha d
020    9789742463595
090    นว.^bส733จ 2551
100 0  สิวสี่มหลี
245 00 เจมส์ สุภาพบุรุษยอดนักรัก/^cสิวสี่มหลี
250    พิมพ์ครั้งที่ 1
260    กรุงเทพฯ :^bอักษรศาสตร์ พับลิชชิ่ง,^c2551
300    243 หน้า
710 1  อักษรศาสตร์ พับลิชชิ่ง
945    ^p229^l0^i024504
995    ทศพร
999 ^a ใช้งานได้ทุกระบบ
รายการนี้ยังไม่มีแท็ก
คุณยังไม่ได้ล็อกอิน คุณสามารถมีกิจกรรมร่วมกับเว็บไซต์ได้ แต่ต้องล็อกอินก่อน ::
  ล็อกอิน

รายการสื่อสารสนเทศ

ลำดับที่ ประเภท เลขเรียก/บาร์โค้ด สถานที่ สถานะ
1. นวนิยาย
นวนิยาย
นว. ส733จ 2551 ฉ.1 
  Barcode: 024504
ห้องสมุดวิทยาเขตสวรรค์ประชารักษ์
►นวนิยาย
บนชั้น
  ขอยืม

BibComment


ยังไม่เคยถูกคอมเมนท์

คอมเมนท์ทรัพยากรรายการนี้
  คอมเมนท์: เจมส์ สุภาพบุรุษย..


 Copyright 2026. Bcnsprnw @Library